Sunrisen blessing. (Record no. 16251)

000 -LEADER
fixed length control field 00490nam a2200169 a 4500
001 - CONTROL NUMBER
control field :::00019091$&:&@@
003 - CONTROL NUMBER IDENTIFIER
control field OkBaRHE
005 - DATE AND TIME OF LATEST TRANSACTION
control field 20010205134912.0
008 - FIXED-LENGTH DATA ELEMENTS--GENERAL INFORMATION
fixed length control field j 000 0 eng u
040 ## - CATALOGING SOURCE
Transcribing agency
100 1# - MAIN ENTRY--PERSONAL NAME
Personal name Hames, J. M.
245 10 - TITLE STATEMENT
Title Sunrisen blessing.
260 ## - PUBLICATION, DISTRIBUTION, ETC. (IMPRINT)
Place of publication, distribution, etc Louisville, Kentucky
Name of publisher, distributor, etc Pentecostal Publishing Company
300 ## - PHYSICAL DESCRIPTION
Extent 48 p.
942 ## - ADDED ENTRY ELEMENTS (KOHA)
Source of classification or shelving scheme
Koha item type Books
Copies
Not for loan Koha item type Barcode Permanent Location Date acquired Damaged status Full call number Lost status Withdrawn status Shelving location Price effective from Date last seen Copy number Source of classification or shelving scheme
 Books19091RHEMA Bible Training College2010-04-14 BV 4501 .H356  General Stacks2010-04-142010-04-141